AntiEurocomunismo (Record no. 95702)

MARC details
000 -LEADER
campo de control de longitud fija 00417nam a2200145 i 4500
001 - NÚMERO DE CONTROL
campo de control 95702
003 - IDENTIFICADOR DE NÚMERO DE CONTROL
campo de control ES-MaACL
007 - CAMPO FIJO DE DESCRIPCIÓN FÍSICA--INFORMACIÓN GENERAL
campo de control de longitud fija t|
008 - DATOS DE LONGITUD FIJA--INFORMACIÓN GENERAL
campo de control de longitud fija 050602s1981 sp ||||1| spa d
100 1# - ENTRADA PRINCIPAL--NOMBRE DE PERSONA
Nombre de persona Llorens Castillo, Carlos.
9 (RLIN) 72889
245 10 - MENCIÓN DEL TÍTULO
Título AntiEurocomunismo
Resto del título : sobre el Xº Congreso del PCE.
260 ## - PUBLICACIÓN, DISTRIBUCIÓN, ETC.
Lugar de publicación, distribución, etc. Valencia :
Nombre del editor, distribuidor, etc. [s.n.],
Fecha de publicación, distribución, etc. 1981 (
Fabricante Imp. Romeu)
300 ## - DESCRIPCIÓN FÍSICA
Extensión 231 p. ;
Dimensiones 22 cm.
852 ## - LOCALIZACIÓN
Ubicación ES-MaACL
Número de control de estantería L-3704
Sublocalización o colección R.104722
Holdings
Estatus retirado Estado de pérdida Estado de daño No para préstamo Biblioteca de origen Biblioteca actual Ubicación en estantería Fecha de adquisición Fuente de adquisición Total de préstamos Signatura topográfica completa Código de barras Visto por última vez Precio de reemplazo Tipo de ítem Koha
        Biblioteca del Ateneo de Madrid Biblioteca del Ateneo de Madrid Depósito 2 17/01/2008     L-3704 1099931 23/02/2023 23/02/2023 Libro impreso